The Stream of American History (Record no. 981)

000 -LEADER
fixed length control field 00610nam a22002177a 4500
003 - CONTROL NUMBER IDENTIFIER
control field OSt
005 - DATE AND TIME OF LATEST TRANSACTION
control field 20210426112838.0
008 - FIXED-LENGTH DATA ELEMENTS--GENERAL INFORMATION
fixed length control field 210127s1965 ||||| |||| 00| 0 eng d
040 ## - CATALOGING SOURCE
Original cataloging agency eng
Language of cataloging eng
Transcribing agency DLC
041 ## - LANGUAGE CODE
Language code of text/sound track or separate title eng
080 ## - UNIVERSAL DECIMAL CLASSIFICATION NUMBER
Universal Decimal Classification number 94
Item number B-18
100 ## - MAIN ENTRY--PERSONAL NAME
9 (RLIN) 700
Personal name Baldwin, D. Leland
245 ## - TITLE STATEMENT
Title The Stream of American History
Statement of responsibility, etc. / by: American Book Company
250 ## - EDITION STATEMENT
Edition statement 3rd edition
260 ## - PUBLICATION, DISTRIBUTION, ETC.
Place of publication, distribution, etc. New York
Name of publisher, distributor, etc. American Book Company
Date of publication, distribution, etc. 1965
300 ## - PHYSICAL DESCRIPTION
Extent 832 p. Appendices 28 p. Index 17 p.
Other physical details ill.
650 #0 - SUBJECT ADDED ENTRY--TOPICAL TERM
9 (RLIN) 252
Topical term or geographic name entry element History
653 ## - INDEX TERM--UNCONTROLLED
Uncontrolled term ისტორია
700 ## - ADDED ENTRY--PERSONAL NAME
9 (RLIN) 702
Personal name Kelley, Robert
942 ## - ADDED ENTRY ELEMENTS (KOHA)
Source of classification or shelving scheme
Koha item type Books
Edition 3
Holdings
Withdrawn status Lost status Source of classification or shelving scheme Damaged status Not for loan Permanent location Current location Date acquired Inventory number Total Checkouts Full call number Barcode Date last seen Price effective from Koha item type
          Ken Walker International University Ken Walker International University 01/27/2021 2452   94 B-18 2452 01/27/2021 01/27/2021 Books

Powered by Koha